| 000 | 00473nam a2200181 a 4500 | ||
|---|---|---|---|
| 001 | 3931 | ||
| 005 | 20140414131926.0 | ||
| 008 | 040603s19uu xx 00 eng d | ||
| 020 | _a0-7214-3584-X | ||
| 050 |
_aER _bP75 1995 |
||
| 245 | _aPocahontas. | ||
| 260 |
_aLeicestershire, UK : _bLadybird Books, _c1995. |
||
| 300 | _a1 v. : ill. ; cm. | ||
| 440 | _aDisney's Pocahontas | ||
| 650 | _aPowhatan Indians--Fiction. | ||
| 650 | _aChildren stories. | ||
| 999 |
_c112023 _d112023 |
||